Bayangan Gurauan

Bibliographic Details
Main Author: Sayhazs Zailie (Author)
Other Authors: Norsuraya Desa (Editor)
Format: Book
Language:Malay
Published: Shah Alam, Selangor : GRUP BUKU KARANGKRAF SDN.BHD. [2017?]
Subjects:

MARC

LEADER 00000cam a2200000 7i4500
001 0000028032
005 20241121.0
008 180104 my may
020 |a 9789678607674 
040 |a INS   |b eng   |e rda 
090 0 0 |a PL5186.S29   |b B38 2017 
100 0 |a Sayhazs Zailie ,   |e author 
245 1 0 |a Bayangan Gurauan   |c SAYHAZS ZAILIE, Editor : Norsuraya Desa 
264 1 |a Shah Alam, Selangor :   |b GRUP BUKU KARANGKRAF SDN.BHD.   |c [2017?] 
300 |a 856 pages ;   |c 19 cm. 
336 |a text  |2 rdacontent 
337 |a unmediated  |2 rdamedia 
338 |a volume  |2 rdacarrier 
650 0 |a Malay fiction 
700 0 |a Norsuraya Desa ,   |e editor 
999 |a 1000003495   |b BOOK   |c Open Shelf   |e Default branch